000 00673nam a22002297a 4500
005 20170124110215.0
010 _a985437
020 _c00.00
_a0851572839
035 _a985437
037 _bCen Lib/Ret
040 _aDPL
_bEN
082 _a920
_bBEE
100 _aBeeching, Cyril Leslie
_938920
245 _aA dictionary of Eponyms /
_cby Cyril Leslie Beeching
260 _aLondon
_bClive Bingley
_c1979
270 _a16 Pembridge Road
300 _a141p.
_c21cm(Hb)
500 _aIncludes index
650 _aEnglish language -- Eponyms -- Dictionaries
_938921
650 _aEnglish language -- Eponyms
_938922
942 _2ddc
_cEN
_h920
_mBEE
999 _c133787
_d133787